|
|
|
|
| LEADER |
00000nam a2200000 a 4500 |
| 001 |
vtls001426716 |
| 003 |
SK-MaSNL |
| 005 |
20260301072524.0 |
| 008 |
240318s2001 xo ap r yy slo |
| 015 |
|
|
|a SNBA2002/04-01436
|
| 020 |
|
|
|a 8088964865
|
| 035 |
|
|
|a SNK000381672
|
| 035 |
|
|
|a urn:nbn:sk:snk-amyeu5
|
| 035 |
|
|
|a urn:nbn:sk:snk-am00cfav
|
| 035 |
|
|
|a F7EB3940-C4C5-47F8-AE0E-B654F54DFBC2
|
| 040 |
|
|
|a SNK
|b slo
|c SNK
|e AACR2
|
| 041 |
0 |
|
|a slo
|
| 044 |
|
|
|a xo
|c SK
|
| 080 |
|
|
|a 624.1(075.8)
|2 1981
|
| 100 |
1 |
|
|a Vavrek, Pavol,
|d 1965-
|4 aut
|9 223448
|
| 245 |
1 |
0 |
|a Tunelárstvo
|n 1
|c Pavol Vavrek, Henrich Hamrák
|
| 260 |
|
|
|a Košice
|b Elfa
|c 2001
|
| 300 |
|
|
|a 114 s.
|b grafy, sch., tab.
|c 29 cm
|
| 500 |
|
|
|a 60 výt.
|
| 504 |
|
|
|a Bibliogr. s.113-114
|
| 650 |
0 |
7 |
|a tunely
|2 SNK
|9 14604
|
| 655 |
|
7 |
|a učebnice vysokých škôl
|2 SNKPH
|9 70191
|
| 700 |
1 |
|
|a Hamrák, Henrich,
|d 1966-
|4 aut
|9 392113
|
| 919 |
|
|
|a 80-88964-86-5
|
| 958 |
|
|
|a TL
|
| 958 |
|
|
|a UV
|
| 958 |
|
|
|a NB
|
| 999 |
|
|
|c 641237
|d 643167
|
| 952 |
|
|
|t P60, <04>, [BOOK], {604}
|a SNK
|b SNK
|y VYP
|7 0
|p 17A0328288
|o snkSB 64383/1 D1
|i snkKSP 667/2002
|0 0
|1 0
|4 0
|d 2002-01-17
|l 0
|r 2005-01-02 00:00:00
|w 2026-02-23
|
| 952 |
|
|
|t P60, <03>, [BOOK], {603}
|a SNK
|b SNK
|y PREZ
|7 0
|p 17A0328287
|o snkSB 64383/1
|i snkKSP 666/2002
|0 0
|1 0
|4 0
|d 2002-01-17
|f 1
|l 0
|r 2025-04-14 00:00:00
|w 2026-02-23
|